000 01036cam a2200301 a 4500
999 _c8814
_d8814
001 4780028
003 KD680 MOR 1980
005 20210526092424.0
008 860925s1980 enk b 001 0 eng
010 _a 86207912
020 _a0420456902
040 _aDLC
_cDLC
_dDLC
043 _ae-uk---
050 0 0 _aKD680
_b.D5 1980
082 0 0 _a340.9
_219
100 1 _aDicey, A. V.
_q(Albert Venn),
_d1835-1922.
245 1 0 _aDicey and Morris on the conflict of laws.
_cJ.H.C. MORRIS
250 _a10th ed. /
_bunder the general editorship of J.H.C. Morris, with specialist editors.
260 _aLondon :
_bStevens,
_c1980.
300 _a2 v. (cxl, 1351 p.) ;
_c26 cm.
500 _aIncludes bibliographical references and index.
504 _aIncludes bibliographical references and index.
600 _2Conflict of laws
_zEngland
650 0 _aConflict of laws
_zGreat Britain.
700 1 _aMorris, John Humphrey Carlile.
_eeditor
906 _a7
_bcbc
_corignew
_d2
_encip
_f19
_gy-gencatlg
942 _2lcc
_cBK
_h680
_iMOR
_kKD